Länder nach Konsonanten - Statistiken

Allgemein
  • Dieses Quiz wurde 130 mal gespielt
    78 seit der letzten Aktualisierung
  • Das Durchschnittsergebnis liegt bei 12 aus 20
Antwortstatistiken
Konsonanten Land % Korrekt
FDSCH {Fidschi}
99%
GYPTN {Ägypten}
97%
PRTGL {Portugal}
97%
BHTN {Bhutan}
96%
KMRN {Kamerun}/{Komoren}
94%
LBNN {Albanien}/{Libanon}
93%
GTML {Guatemala}
82%
NMB {Namibia}
70%
VRNGTSTTN {Vereinigte} {Staaten}
69%
MRTNN {Mauretanien}
51%
SML {Somalia}
49%
NR {Nauru}
48%
MN {Oman}
45%
STTMR {Ost} {Timor}
33%
GND {Uganda}
33%
RN {Iran}
30%
SNMRN {San} {Marino}
30%
LFNBNKST {Elfenbeinküste}
28%
STRRCH {Österreich}
27%
SRL {Israel}
15%
Keine übereinstimmenden Quizze gefunden
Verteilung der Resultate
Anzahl Personen mit jedem Resultat
Perzentil nach korrekt beantworteten Fragen
Ihre Resultats-Entwicklung
Sie haben dieses Quiz seit der letzten Aktualisierung nicht gespielt